000 00666nam a22001937a 4500
999 _c174077
_d174077
005 20200317110717.0
010 _aA-845516
020 _c150.00
_a-
035 _aA-845516
037 _bBPPD/PUB
_a-
082 _a842.08
100 _aو جے د يو سنگھ
245 _aا ر د و ا سٹيج ڈ ر ا ما
_cو جے د يو سنگھ
246 _bUrdu Stage Darama (Urdu)
_aby Dr. Vijay Dev Singh
260 _aKashmir
_bInstitute Of Correspondence,Education
_c1996 ء
270 _aIdara Fikr-e-Jadeed,922,Kucha Rohella Khan,Darya Ganj,
_bN.Delhi
_e110002
_k-
_l-
300 _a135 ص
_c22 Cm(Hb)
942 _2ddc
_cUR
_h842.08
_mو ج ے